书目信息 |
| 题名: |
点悟
|
|
| 作者: | 沈小静 主编 | |
| 分册: | ||
| 出版信息: | 北京 光明日报出版社 2014 |
|
| 页数: | 458页 | |
| 开本: | 24cm | |
| 丛书名: | ||
| 单 册: | ||
| 中图分类: | K820.76 | |
| 科图分类: | ||
| 主题词: | 高等学校--校友--访问记--北京--现代 | |
| 电子资源: | ||
| ISBN: | 978-7-5112-7097-9 | |
| 000 | 00983nam0 2200241 450 | |
| 001 | 007225831 | |
| 005 | 20150426235938.0 | |
| 010 | @a978-7-5112-7097-9@dCNY78.00 | |
| 100 | @a20150130d2014 em y0chiy50 ea | |
| 101 | 0 | @achi |
| 102 | @aCN@b110000 | |
| 105 | @ay z 000yd | |
| 106 | @ar | |
| 200 | 1 | @a点悟@Adian wu@e北京物资学院校友访谈实录@f沈小静主编 |
| 210 | @a北京@c光明日报出版社@d2014 | |
| 215 | @a458页@d24cm | |
| 330 | @a本书是北京物资学院校友志愿团走访1983级至2009级的杰出校友之后的访谈记录结集,是校友们的生活经历和人生感悟的凝结。每篇文章均包括四个部分:校友对大学生活的回顾、对学校如今变化的看法、介绍自己工作或创业的经验、对当今大学生所面临的问题如学习方向、就业、业余爱好及品格培养方面的建议。 | |
| 606 | 0 | @a高等学校@x校友@x访问记@y北京@z现代 |
| 610 | 0 | @a北京物资学院 |
| 690 | @aK820.76@v5 | |
| 701 | 0 | @a沈小静@Ashen xiao jing@c(女)@4主编 |
| 801 | 0 | @aCN@b碧洲教育@c20150812 |
| 905 | @a10447@b208486958@b208486985@b208486976@b208486967@f4@dK820.76@e152 | |
| 点悟:北京物资学院校友访谈实录/沈小静主编.-北京:光明日报出版社,2014 |
| 458页;24cm |
| ISBN 978-7-5112-7097-9:CNY78.00 |
| 本书是北京物资学院校友志愿团走访1983级至2009级的杰出校友之后的访谈记录结集,是校友们的生活经历和人生感悟的凝结。每篇文章均包括四个部分:校友对大学生活的回顾、对学校如今变化的看法、介绍自己工作或创业的经验、对当今大学生所面临的问题如学习方向、就业、业余爱好及品格培养方面的建议。 |
| ● |
| 相关链接 |
|
|
|
|
正题名:点悟
索取号:K820.76/152
 
预约/预借
| 序号 | 登录号 | 条形码 | 馆藏地/架位号 | 状态 | 备注 |
| 1 | 0848695 | 208486958 | 第二借阅区/ [索取号:K820.76/152] | 在馆 | |
| 2 | 0848696 | 208486967 | 第二借阅区/ [索取号:K820.76/152] | 在馆 | |
| 3 | 0848697 | 208486976 | 第二借阅区/ [索取号:K820.76/152] | 在馆 | |
| 4 | 0848698 | 208486985 | 第二借阅区/ [索取号:K820.76/152] | 在馆 | |
| 5 | 858305 | 208583059 | 第二样本阅览室/ [索取号:K820.76/152] | 在馆 | |
| 6 | 858306 | 208583068 | 第二借阅区/ [索取号:K820.76/152] | 在馆 | |
| 7 | 858307 | 208583077 | 第二借阅区/ [索取号:K820.76/152] | 在馆 | |
| 8 | 858308 | 208583086 | 第二借阅区/ [索取号:K820.76/152] | 在馆 |